| 000 | 00000nam 2200000za 4500 |
| 001 | 9.816923 |
| 003 | CaOODSP |
| 005 | 20221107142346 |
| 007 | cr ||||||||||| |
| 008 | 160505s2008 onc |o f|0| 0 eng d |
| 040 | |aCaOODSP|beng |
| 043 | |an-cn--- |
| 086 | 1 |aSD12-1/2008E-PDF |
| 245 | 00|aCanada pension plan |h[electronic resource] : |bretirement pension. |
| 260 | |a[Ottawa] : |bService Canada, |c2008. |
| 300 | |a30 p. |
| 500 | |aIssued also in French under title: Régime de pensions du Canada : pension de retraite. |
| 500 | |a"March 2008". |
| 500 | |aThe catalogue number (SD12-1/2008E) for the print edition has been copied in this electronic publication. |
| 692 | 07|2gccst|aPensions |
| 710 | 1 |aCanada. |bService Canada. |
| 775 | 08|tRégime de pensions du Canada |w(CaOODSP)9.816924 |
| 856 | 40|qPDF|s988 KB|uhttps://publications.gc.ca/collections/collection_2016/servcan/SD12-1-2008-eng.pdf |
| 986 | |aISPB-147-03-08E |